000 01146cam a22003734i 4500
003 PE-LiUPU
005 20250731184055.0
008 150617s1962 sp r 000 0 d
035 _a(Sirsi) a18330
040 _aPE-LiUPU
_bspa
_cPE-LiUPU
_erda
049 _aPRUA
082 0 4 _a863.6
_bC177l
_221
100 1 _aCambra, Fernando P. de,
_eautor.
245 1 3 _aEl largo verano egipcio :
_bnovela /
_cFernando P. de Cambra.
264 1 _aBarcelona :
_bMateu,
_c1962.
300 _a399 páginas ;
_c19 centímetros.
336 _atext
_2rdacontent
337 _aunmediated
_2rdamedia
338 _avolume
_2rdacarrier
490 0 _a(La Colección Pluma ;
_v33)
505 0 _aEl "khamsim". -"Fedayin".
526 _aP145
526 _aP127
526 _aP97
526 _aP14
526 _aP07
650 0 0 _aNovela española
_92017
650 0 0 _aEgipto
_92018
910 _ajck
942 _2ddc
_cBK
949 _a803.3 C / C22
_wDEWEY
_c1
_i19921
_lCCODEBUL1
_mBUL
_p00.00
_r0
_sY
_tBOOK
_u19811216
_xEDUCACION
_zUNKNOWN
_0COMPRA
_o.STAFF. Colección General
999 _c18010
_d18010
980 _81
_gALBERTO SANCHEZ Responsable de Automatización